1988 1080 1779 1471 1814 1158 1201 1924 1484 1874 1012 1711 1104 1232 1405 1891 1579 1329 1826 1942 1801 1237 1580 1475 1110 1235 1561 1917 1868 1563 1341 1666 1424 1277 1797 1889 1318 1600 1287 1963 1424 1520 1143 1650 1586 1285 1666 1847 1947 1339 1343 1340 1354 1561 1015 1038 1721 1424 1996 1877 1287 1508 1112 1043 1479 1802 1611 1483 1081 1606 1567 1537 1203 1153 1035 1780 1192 1276 1643 1363 1703 1944 1306 1278 1470 1485 1528 1326 1982 1931 1510 1340 1999 1006 1937 1763 1535 1953 1131 BCNSPRNW ULIB Ver.6.0+V

เปลี่ยนเป็นภาษาไทย

Change to English
 แสดงรายละเอียดบรรณานุกรม
  กลับหน้าหลัก

Brief Record : Get Marc (ISO 2709) : E-mail record : QR code < ปิดหน้าต่าง
LEADER : 00000nam 2200000uu 4500
001    13399115081
003     ULIB
008    120709s2540||||th 000 0 tha d
020    9742460167
060 04 ^aW13^bว234พ 2540
100 0  ^aวิทย์ เที่ยงบูรณธรรม
245 10 ^aพจนานุกรมวิทยาศาสตร์การแพทย์ =^bDictionary of medical
246 31 ^aDictionary of medical science
260    ^aกรุงเทพฯ :^bรวมสาส์น,^c2540
300    ^a1215 หน้า :^bภาพประกอบ
500    ^aSend to Single Search
650  4 ^aแพทยศาสตร์^xพจนานุกรม
945    ^p0^l0^i4259
999    ^aใช้งานได้ทุกระบบ
รายการนี้ยังไม่มีแท็ก
คุณยังไม่ได้ล็อกอิน คุณสามารถมีกิจกรรมร่วมกับเว็บไซต์ได้ แต่ต้องล็อกอินก่อน ::
  ล็อกอิน

รายการสื่อสารสนเทศ

ลำดับที่ ประเภท เลขเรียก/บาร์โค้ด สถานที่ สถานะ
- ไม่พบข้อมูล -

รายการใกล้เคียง
    ผู้แต่ง [วิทย์ เที่ยงบูรณธรรม]

BibComment


ยังไม่เคยถูกคอมเมนท์

คอมเมนท์ทรัพยากรรายการนี้
  คอมเมนท์: พจนานุกรมวิทยาศา..


 Copyright 2026. Bcnsprnw @Library